01244nam0a22002651 4500001001100000005001700011021001900028035002600047100004100073101000800114102000700122105001800129200027000147210005600417215002300473300013000496608010300626702003600729702003000765702003600795712008300831801001800914801002200932852002400954rc\394367020260407110820.0 aRUb[55-57788] a(NLR Aleph) 008039725 a20130415d1955 |||y0rusy50 ca0 arus aRU aa z |||||1 aЛистовки большевиков Украины периода первой русской революции (1905-1907 гг.)e[Сборник]fИн-т истории партии ЦК КП Украины - филиал ИМЭЛС при ЦК КПСС aКиевcГосполитиздат УССРd1955 a635 с.cил.d23 aНа обороте тит. л. сост.: П.И. Денисенко, М.И. Горбунова, И.Г. Дурнев и др. aЛистовки и прокламации большевиковz1905-1907yУкраина2psbo 1aГорбуноваbМ.И.4220 1aДурневbИ.Г.4220 1aДенисенкоbП.И.422002aИнститут истории партииcКиев3RU\NLR\AUTH\8810062710 0aRUbNLRgpsbo 1aRUbELAR2rusmarc aNLRjИп30 Г-5/93